000 00926nab a2200265 a 4500
005 20210219162048.0
008 991125s1985 mx 000 0 spa u
035 _aUPN01000196998
049 _aart
100 1 _aDelgado López-Cózar, Emilio
100 1 _uedelgado@ugr.es
222 _aCOMUNICAR :
_bREVISTA CIENTIFICA IBEROAMERICANA DE COMUNICACION Y EDUCACION
245 _aEl impacto de las revistas de comunicación : comparando Google Scholar Metrics, Web of Science y Scopus
260 _aHuelva, España
300 _a45-52
362 0 _a2013 2a época, vol. 21, no. 41, oct.
653 0 _aBASES DE DATOS
653 0 _aBIBLIOMETRIA
653 0 _aCOMUNICACION
653 0 _aREVISTAS CIENTIFICAS
700 1 _aRepiso, Rafael,
_ecoaut.
700 1 _urafael.repiso@gmail.com
856 1 _uhttp://www.revistacomunicar.com/index.php?contenido=detalles&numero=41&articulo=41-2013-04
905 _aArticulo
999 _c169099
_d169099